Štúdium hydrofilných vlastností fólií z biodegradovateľných polymérov bakalárska práca

Salvato in:
Dettagli Bibliografici
Autore principale: Bartoňová, Katarína
Natura: Libro
Lingua:inglese
Pubblicazione: Bratislava STU FCHPT 2018
Accesso online:Visualizza in OPAC
Tags: Aggiungi Tag
Nessun Tag, puoi essere il primo ad aggiungerne!!

MARC

LEADER 00000nam a2200000 a 4500
005 20260127134120.0
008 181107 2018 xo a 001 0 eng d
035 |a vtls011789281 
039 9 |y 201811070838  |z mschk03 
040 |a STUSCHK1  |b slo  |c STUSCHK1  |e AACR2 
100 1 |a Bartoňová, Katarína 
245 1 |a Štúdium hydrofilných vlastností fólií z biodegradovateľných polymérov  |b bakalárska práca  |c Katarína Bartoňová 
260 |a Bratislava  |b STU FCHPT  |c 2018 
300 |a 54 s.  |b il.  |c 25 cm 
500 |a Študijný program: chémia, medicínska chémia a chemické materiály 
500 |a Študijný odbor: chemické technológie, chémia 
500 |a Školiace pracovisko: Oddelenie plastov, kaučuku a vlákien 
500 |a Evid. číslo: FCHPT-13569-61115 
910 |a SCHK95 
999 |c 4426  |d 4426